000 00928cam a22002774a 4500
005 20260322212025.0
008 data
010 _a 2002110916
020 _a0446691046
020 _a9780446691048
040 _aDLC
_cDLC
_dDLC
042 _apcc
050 0 0 _aBV4501.2
_b.M4644 2002
082 0 0 _a248.4
_221
092 _a248.4 M464 2002
100 1 _aMeyer, Joyce,
_d1943-
245 1 0 _aEnjoying where you are on the way to where you are going :
_blearning how to live a joyful spirit-led life /
_cJoyce Meyer.
260 _aNew York :
_bWarner Books,
_c2002.
300 _a210, [3] p. ;
_c22 cm.
500 _a"Warner faith".
500 _aOriginally published: Tulsa, Okla. : Harrison House, c1996.
504 _aIncludes bibliographical references (p. [213]).
650 0 _aChristian life
_vMeditations.
856 4 2 _3Publisher description
_uhttp://www.loc.gov/catdir/enhancements/fy0914/2002110916-d.html
001 data
999 _c571
_d571